Engineering Drawing (Record no. 219559)

MARC details
000 -LEADER
fixed length control field 00481nam a2200169Ia 4500
008 - FIXED-LENGTH DATA ELEMENTS--GENERAL INFORMATION
fixed length control field 230714s9999 xx 000 0 und d
020 ## - INTERNATIONAL STANDARD BOOK NUMBER
International Standard Book Number 9780000000000
041 ## - LANGUAGE CODE
Language code of text/sound track or separate title eng
082 ## - DEWEY DECIMAL CLASSIFICATION NUMBER
Classification number 604.2
Item number PAR
100 ## - MAIN ENTRY--PERSONAL NAME
Personal name Parthasarathy N.S.
9 (RLIN) 199813
245 ## - TITLE STATEMENT
Title Engineering Drawing
260 ## - PUBLICATION, DISTRIBUTION, ETC. (IMPRINT)
Date of publication, distribution, etc. 2016
Name of publisher, distributor, etc. Oxford University Press
300 ## - PHYSICAL DESCRIPTION
Extent 692
365 ## - TRADE PRICE
Currency code Rs.
Price amount 499.00
700 ## - ADDED ENTRY--PERSONAL NAME
Personal name Parthasarathy N.S. & Murali V.
9 (RLIN) 199814
906 ## - LOCAL DATA ELEMENT F, LDF (RLIN)
d O:0367805-Jan-2017B:517503-Jan-2017
c BSH
b 1397.2

No items available.